9/11-Quiz - Statistiken

Allgemein
  • Dieses Quiz wurde 115 mal gespielt
  • Das Durchschnittsergebnis liegt bei 5 aus 10
Antwortstatistiken
Hint Antwort % Korrekt
Welcher Turm wurde zu erst getroffen? Nord oder Süd? Nord
96%
Anzahl der Entführten Flugzeuge 4
94%
ca. die Anzahl in Tsd. der Todesopfer 3
78%
Derzeitiger amerikanischer Präsident ( Nachname) Bush
77%
Name des Terrornetzwerkes Al-Qaida
62%
In welchem Monat des Jahres 2011 starb Osama Bin Laden? Mai
56%
Um wie viel Uhr war der erste Einschlag? 8:46
20%
Art der Attentate Selbstmordattentat
18%
Name der Operation der Tötung bin Ladens Neptune Spear
9%
Gesamtschaden in US-Dollar 40 Milliarden
2%
Keine übereinstimmenden Quizze gefunden
Verteilung der Resultate
Anzahl Personen mit jedem Resultat
Perzentil nach korrekt beantworteten Fragen
Ihre Resultats-Entwicklung
Sie haben dieses Quiz noch nicht gespielt